[Event "Quebec-ch op"]
[Site "Montreal"]
[Date "2013.07.21"]
[Round "2"]
[White "Molner, Mackenzie"]
[Black "Jiang, Louie"]
[Result "1/2-1/2"]
[WhiteElo "2501"]
[BlackElo "2324"]
[PlyCount "104"]
[EventDate "2013.07.21"]
[EventType "swiss"]
[EventRounds "9"]
[EventCountry "CAN"]
[SourceTitle "EXT 2014"]
[Source "ChessBase"]
[SourceDate "2013.11.20"]

1. d4 Nf6 2. c4 e6 3. Nf3 b6 4. g3 c6 5. Bg2 d5 6. O-O Be7 7. Nbd2 a5 8. Qc2
O-O 9. b3 Bb7 10. Bb2 Na6 11. Rad1 Rc8 12. Ne5 Qc7 13. e4 Rfd8 14. Bh3 Bf8 15.
Rfe1 Re8 16. a3 g6 17. Bg2 Bg7 18. c5 Nd7 19. cxb6 Nxb6 20. Qc3 a4 21. b4 Bxe5
22. dxe5 d4 23. Qxd4 c5 24. bxc5 Nxc5 25. Rc1 Ba6 26. Qe3 Nbd7 27. Bd4 Qa5 28.
Rc3 Rc7 29. Rb1 Rec8 30. h4 Bb5 31. h5 Na6 32. Rxc7 Rxc7 33. Nf3 Nac5 34. Bxc5
Rxc5 35. Qd4 Qc7 36. Qd6 Rc1+ 37. Rxc1 Qxc1+ 38. Kh2 gxh5 39. Nd4 Qc4 40. Bf3
Qf1 41. Nxb5 Qxb5 42. Bxh5 Nxe5 43. Qd8+ Kg7 44. Qg5+ Kf8 45. f4 Qb2+ 46. Kh3
Nc6 47. e5 Ne7 48. Qf6 Ng6 49. Qd8+ Kg7 50. Qf6+ Kf8 51. Qd8+ Kg7 52. Qf6+ Kf8
1/2-1/2

[Event "Quebec-ch op"]
[Site "Montreal"]
[Date "2013.07.22"]
[Round "3"]
[White "Ostrovskiy, Aleksandr A"]
[Black "Molner, Mackenzie"]
[Result "1-0"]
[WhiteElo "2403"]
[BlackElo "2501"]
[PlyCount "63"]
[EventDate "2013.07.21"]
[EventType "swiss"]
[EventRounds "9"]
[EventCountry "CAN"]
[SourceTitle "EXT 2014"]
[Source "ChessBase"]
[SourceDate "2013.11.20"]

1. e4 e5 2. Nf3 Nc6 3. Bc4 Bc5 4. c3 Nf6 5. d4 exd4 6. cxd4 Bb4+ 7. Nbd2 Nxe4
8. d5 Ne7 9. O-O Nxd2 10. Nxd2 O-O 11. a3 Bc5 12. Ne4 d6 13. Re1 Bb6 14. a4 a5
15. Ra3 Ng6 16. Rg3 Bf5 17. Bb5 Ne5 18. Bf4 Bg6 19. h4 Bxe4 20. Rxe4 f5 21.
Rxe5 dxe5 22. Bxe5 Rf7 23. h5 Qh4 24. Qf3 Qe4 25. Qc3 f4 26. Rxg7+ Rxg7 27.
Bxg7 Qb4 28. Bf1 Re8 29. Bh6 Re7 30. Qf6 Bxf2+ 31. Kh2 Bg3+ 32. Kh3 1-0

[Event "Quebec-ch op"]
[Site "Montreal"]
[Date "2013.07.23"]
[Round "4"]
[White "Molner, Mackenzie"]
[Black "Chandra, Akshat"]
[Result "1-0"]
[WhiteElo "2501"]
[BlackElo "2312"]
[PlyCount "69"]
[EventDate "2013.07.21"]
[EventType "swiss"]
[EventRounds "9"]
[EventCountry "CAN"]
[SourceTitle "EXT 2014"]
[Source "ChessBase"]
[SourceDate "2013.11.20"]

1. Nf3 Nf6 2. c4 e6 3. d4 d5 4. Nc3 Bb4 5. cxd5 exd5 6. Bg5 O-O 7. e3 Nbd7 8.
Bd3 c5 9. O-O Qa5 10. Qc2 c4 11. Bf5 Re8 12. Rfe1 Bxc3 13. bxc3 Ne4 14. Bh4
Ndf6 15. Bxc8 Raxc8 16. Rac1 Nd7 17. Nd2 Re6 18. Nf1 f5 19. f3 Nd6 20. Bg3 g6
21. Bxd6 Rxd6 22. e4 fxe4 23. fxe4 dxe4 24. Qxe4 Qc7 25. Qh4 Nf6 26. Re5 Qf7
27. Ne3 Qd7 28. Rf1 Rf8 29. Nxc4 Rc6 30. Ne3 Rxc3 31. Rxf6 Rc1+ 32. Kf2 Rfc8
33. Re7 Qxe7 34. Rxg6+ Kf8 35. Rg8+ 1-0

[Event "Quebec-ch op"]
[Site "Montreal"]
[Date "2013.07.25"]
[Round "6"]
[White "Molner, Mackenzie"]
[Black "Sokolov, Ivan"]
[Result "1/2-1/2"]
[WhiteElo "2501"]
[BlackElo "2650"]
[PlyCount "115"]
[EventDate "2013.07.21"]
[EventType "swiss"]
[EventRounds "9"]
[EventCountry "CAN"]
[SourceTitle "EXT 2014"]
[Source "ChessBase"]
[SourceDate "2013.11.20"]

1. d4 d5 2. c4 c6 3. Nf3 Nf6 4. Qc2 g6 5. Bf4 Bg7 6. e3 c5 7. dxc5 Nc6 8. Nc3
Qa5 9. Rd1 Be6 10. Be2 dxc4 11. Ng5 Bg4 12. Bxc4 Bxd1 13. Bxf7+ Kf8 14. Qxd1
Nd8 15. Bb3 h6 16. Nf3 g5 17. Be5 Qxc5 18. Bd4 Qc6 19. O-O Ne4 20. Nd5 Qd6 21.
Qd3 Bxd4 22. Nxd4 Nc5 23. Qf5+ Kg7 24. Qf3 Rf8 25. Nf5+ Rxf5 26. Qxf5 Nxb3 27.
axb3 Nc6 28. Rd1 Rd8 29. f4 gxf4 30. exf4 Rf8 31. Qc2 Qg6 32. Qc3+ Kh7 33. g3
e6 34. Nb4 Rxf4 35. Nxc6 bxc6 36. Qxc6 Rf7 37. Re1 Qf5 38. Qe4 Qxe4 39. Rxe4
Rb7 40. b4 Kg7 41. Kf2 Kf6 42. Rh4 h5 43. Ke3 e5 44. Rc4 Ke6 45. Ke4 Kd6 46. b3
Rb8 47. Kf3 Rf8+ 48. Ke3 Rf1 49. b5 Rb1 50. Ke4 Re1+ 51. Kd3 Kd5 52. Rc7 e4+
53. Kd2 Rh1 54. Rd7+ Kc5 55. Rxa7 Rxh2+ 56. Ke3 h4 57. g4 Rg2 58. Kxe4 1/2-1/2

[Event "Quebec-ch op"]
[Site "Montreal"]
[Date "2013.07.26"]
[Round "7"]
[White "Oliva Castaneda, Kevel"]
[Black "Molner, Mackenzie"]
[Result "1/2-1/2"]
[WhiteElo "2423"]
[BlackElo "2501"]
[PlyCount "66"]
[EventDate "2013.07.21"]
[EventType "swiss"]
[EventRounds "9"]
[EventCountry "CAN"]
[SourceTitle "EXT 2014"]
[Source "ChessBase"]
[SourceDate "2013.11.20"]

1. Nf3 Nf6 2. c4 g6 3. Nc3 d5 4. Qa4+ Bd7 5. Qb3 dxc4 6. Qxc4 a6 7. d4 b5 8.
Qd3 Bg7 9. e4 b4 10. Ne2 Bb5 11. Qc2 c5 12. e5 Nd5 13. Qxc5 O-O 14. Nf4 Bc6 15.
Be2 Qd7 16. O-O Rc8 17. Nxd5 Bxd5 18. Qxb4 Nc6 19. Qa3 Rab8 20. Rd1 Bxf3 21.
Qxf3 Nxd4 22. Qe4 Nxe2+ 23. Qxe2 Qf5 24. Qxa6 Bxe5 25. Be3 Bxb2 26. Rab1 Ra8
27. Qb7 Bf6 28. Rbc1 Rcb8 29. Qc7 Qe5 30. Qc4 Qf5 31. h3 h5 32. a4 Rc8 33. Qb5
Rcb8 1/2-1/2

[Event "Quebec-ch op"]
[Site "Montreal"]
[Date "2013.07.28"]
[Round "9"]
[White "Perez Rodriguez, Luis Manuel"]
[Black "Molner, Mackenzie"]
[Result "1/2-1/2"]
[WhiteElo "2427"]
[BlackElo "2501"]
[PlyCount "59"]
[EventDate "2013.07.21"]
[EventType "swiss"]
[EventRounds "9"]
[EventCountry "CAN"]
[SourceTitle "EXT 2014"]
[Source "ChessBase"]
[SourceDate "2013.11.20"]

1. e4 e5 2. Nf3 Nc6 3. Bb5 a6 4. Ba4 Nf6 5. O-O Be7 6. Re1 b5 7. Bb3 d6 8. c3
O-O 9. h3 Nb8 10. d4 Nbd7 11. Nbd2 Bb7 12. Bc2 Re8 13. Nf1 Bf8 14. Ng3 g6 15.
b3 Bg7 16. d5 Rc8 17. c4 c6 18. Rb1 Qc7 19. Bd3 Nc5 20. Bf1 bxc4 21. bxc4 a5
22. Bg5 h6 23. Be3 Nfd7 24. Qd2 h5 25. Bh6 Qd8 26. Bg5 Qc7 27. Bh6 Qd8 28. Bg5
Qc7 29. Bh6 Qd8 30. Bg5 1/2-1/2

[Event "US op 114th"]
[Site "Middleton"]
[Date "2013.07.28"]
[Round "2"]
[White "Ulrich, Rachel J"]
[Black "Molner, Mackenzie"]
[Result "0-1"]
[WhiteElo "1916"]
[BlackElo "2501"]
[PlyCount "80"]
[EventDate "2013.07.27"]
[EventType "swiss"]
[EventRounds "9"]
[EventCountry "USA"]
[SourceTitle "EXT 2014"]
[Source "ChessBase"]
[SourceDate "2013.11.20"]

1. e4 e5 2. Nf3 Nc6 3. Bb5 a6 4. Ba4 Nf6 5. O-O Be7 6. Re1 b5 7. Bb3 d6 8. c3
O-O 9. h3 Nb8 10. d4 Nbd7 11. Nbd2 Bb7 12. Bc2 Re8 13. Nf1 Bf8 14. Ng3 g6 15.
a4 c5 16. d5 c4 17. Bg5 Be7 18. Bh6 Nc5 19. b4 cxb3 20. Bxb3 Qc7 21. Qc2 Nfd7
22. axb5 axb5 23. Reb1 Nb6 24. Rxa8 Rxa8 25. Qe2 Ba6 26. Qe3 Bc8 27. Nd2 Bd7
28. Nf5 Bd8 29. f4 Nxb3 30. Rxb3 Bxf5 31. exf5 Nxd5 32. Qf3 Ra1+ 33. Kh2 Nxf4
34. Rxb5 d5 35. Bxf4 exf4 36. fxg6 hxg6 37. Rxd5 Bh4 38. Ne4 Bg3+ 39. Nxg3
fxg3+ 40. Qxg3 Rh1+ 0-1

[Event "US op 114th"]
[Site "Middleton"]
[Date "2013.07.31"]
[Round "5"]
[White "Molner, Mackenzie"]
[Black "Richter, Alex J"]
[Result "1-0"]
[WhiteElo "2501"]
[BlackElo "1970"]
[PlyCount "71"]
[EventDate "2013.07.27"]
[EventType "swiss"]
[EventRounds "9"]
[EventCountry "USA"]
[SourceTitle "CBM 155 Extra"]
[Source "ChessBase"]
[SourceDate "2013.08.26"]

1. d4 Nf6 2. c4 e6 3. Nf3 Bb4+ 4. Bd2 Qe7 5. g3 O-O 6. Bg2 Nc6 7. Nc3 Bxc3 8.
Bxc3 Ne4 9. Rc1 d6 10. d5 Nxc3 11. Rxc3 Nd8 12. O-O c5 13. dxe6 Bxe6 14. Ne1
Rb8 15. b3 Nc6 16. Nd3 Nb4 17. Nxb4 cxb4 18. Rd3 Rfd8 19. Qd2 b5 20. cxb5 Rxb5
21. Rd1 Rb6 22. Rd4 a5 23. Bd5 g6 24. Re4 Qd7 25. Bxe6 fxe6 26. Qe3 Rbb8 27.
Rxe6 Re8 28. Rdxd6 Qxd6 29. Rxe8+ Rxe8 30. Qxe8+ Kg7 31. Kg2 Qd5+ 32. e4 Qd3
33. Qe5+ Kh6 34. Qe7 Qc2 35. h4 Qb1 36. g4 1-0

[Event "US op 114th"]
[Site "Middleton"]
[Date "2013.08.01"]
[Round "6"]
[White "Auger, Michael W"]
[Black "Molner, Mackenzie"]
[Result "0-1"]
[WhiteElo "2092"]
[BlackElo "2501"]
[PlyCount "110"]
[EventDate "2013.07.27"]
[EventType "swiss"]
[EventRounds "9"]
[EventCountry "USA"]
[SourceTitle "CBM 155 Extra"]
[Source "ChessBase"]
[SourceDate "2013.08.26"]

1. e4 e5 2. Nf3 Nc6 3. Bb5 a6 4. Ba4 Nf6 5. d4 exd4 6. O-O Be7 7. e5 Ne4 8. Re1
Nc5 9. Bxc6 dxc6 10. Nxd4 O-O 11. Nc3 Re8 12. Be3 Bf8 13. f4 Ne6 14. Nf3 Qxd1
15. Rexd1 Nc5 16. Kf2 a5 17. a4 Bd7 18. Rd4 Bf5 19. Rd2 b5 20. axb5 cxb5 21.
Rd5 b4 22. Bxc5 bxc3 23. Bxf8 cxb2 24. Rb1 Kxf8 25. Rxb2 a4 26. Nd4 Be4 27. Rc5
Red8 28. Nc6 a3 29. Ra2 Rd2+ 30. Ke3 Rxc2 31. Rcxc2 Bxc2 32. Nd4 Bb1 33. Ra1 a2
34. Kd2 Ra3 35. Nb5 Rb3 36. Nc3 Rb2+ 37. Ke3 Ke7 38. g4 Ke6 39. h3 Rb3 40. Kd4
c5+ 41. Kc4 Rxc3+ 42. Kxc3 Kd5 43. Kb3 Ke4 44. Kc4 Kxf4 45. Kxc5 Kxe5 46. Kc4
Kf4 47. Kd4 Kg3 48. Ke3 g5 49. Ke2 Kxh3 50. Kf2 Kxg4 51. Kg2 h5 52. Kh2 Kf3 53.
Kh3 g4+ 54. Kh2 Kf2 55. Kh1 f5 0-1

[Event "US op 114th"]
[Site "Middleton"]
[Date "2013.08.01"]
[Round "6"]
[White "Holt, Conrad"]
[Black "Molner, Mackenzie"]
[Result "1/2-1/2"]
[WhiteElo "2530"]
[BlackElo "2501"]
[PlyCount "83"]
[EventDate "2013.07.27"]
[EventType "swiss"]
[EventRounds "9"]
[EventCountry "USA"]
[SourceTitle "CBM 155 Extra"]
[Source "ChessBase"]
[SourceDate "2013.08.26"]

1. d4 Nf6 2. c4 g6 3. Nc3 d5 4. Nf3 Bg7 5. Qb3 dxc4 6. Qxc4 O-O 7. e4 a6 8. e5
b5 9. Qb3 Nfd7 10. Ng5 Nc6 11. Be3 Na5 12. Qd1 Nb6 13. h4 f6 14. Nxh7 Kxh7 15.
h5 g5 16. h6 Bh8 17. Bd3+ f5 18. g4 Nac4 19. Qc2 e6 20. O-O-O c6 21. Rh5 Nxe3
22. fxe3 Nd5 23. Nxd5 cxd5 24. Rf1 Bxe5 25. dxe5 Ra7 26. Kb1 Kh8 27. Qg2 d4 28.
exd4 Qxd4 29. Bc2 Bb7 30. Qe2 Bd5 31. Qf2 Qxf2 32. Rxf2 Rc8 33. b3 Rac7 34. Kb2
fxg4 35. Rxg5 Bf3 36. Rd2 b4 37. Bb1 a5 38. Rd6 Rc1 39. Rd2 Re1 40. Rg7 Be4 41.
Bxe4 Rxe4 42. Rdd7 1/2-1/2

[Event "US op 114th"]
[Site "Middleton"]
[Date "2013.08.01"]
[Round "6"]
[White "Molner, Mackenzie"]
[Black "Li, Ruifeng"]
[Result "1-0"]
[WhiteElo "2501"]
[BlackElo "2212"]
[PlyCount "101"]
[EventDate "2013.07.27"]
[EventType "swiss"]
[EventRounds "9"]
[EventCountry "USA"]
[SourceTitle "CBM 155 Extra"]
[Source "ChessBase"]
[SourceDate "2013.08.26"]

1. e4 c5 2. Nf3 Nc6 3. d4 cxd4 4. Nxd4 g6 5. c4 Nf6 6. Nc3 d6 7. Be2 Nxd4 8.
Qxd4 Bg7 9. Be3 O-O 10. Qd2 Be6 11. O-O Qa5 12. Rfc1 Rfc8 13. b3 a6 14. Rab1
Qd8 15. f3 Rab8 16. a4 h5 17. Nd5 Nxd5 18. exd5 Bf5 19. Bd3 Bxd3 20. Qxd3 Qa5
21. f4 b5 22. axb5 axb5 23. b4 Qa4 24. c5 dxc5 25. bxc5 Bf6 26. c6 b4 27. f5
Kg7 28. fxg6 fxg6 29. Bd4 b3 30. Rc4 Qb5 31. c7 Rb7 32. Bxf6+ exf6 33. d6 Qd7
34. Qh3 f5 35. Qc3+ Kh7 36. Rd4 Rb6 37. Qd3 Rb5 38. Qxb5 Qxb5 39. d7 Rxc7 40.
d8=Q Rb7 41. Rbd1 Qc5 42. Kh1 b2 43. Rd7+ Rxd7 44. Qxd7+ Kh8 45. Qd2 Qe5 46.
Rb1 Kh7 47. Qxb2 Qf4 48. Re1 Qd6 49. Qe5 Qd3 50. Qe7+ Kg8 51. h4 1-0

[Event "US op 114th"]
[Site "Middleton"]
[Date "2013.08.02"]
[Round "7"]
[White "Molner, Mackenzie"]
[Black "Chirila, Ioan Cristian"]
[Result "1-0"]
[WhiteElo "2501"]
[BlackElo "2528"]
[PlyCount "55"]
[EventDate "2013.07.27"]
[EventType "swiss"]
[EventRounds "9"]
[EventCountry "USA"]
[SourceTitle "CBM 155 Extra"]
[Source "ChessBase"]
[SourceDate "2013.08.26"]

1. Nf3 Nf6 2. c4 g6 3. Nc3 d5 4. d4 Bg7 5. cxd5 Nxd5 6. e4 Nxc3 7. bxc3 c5 8.
Rb1 O-O 9. Be2 cxd4 10. cxd4 Qa5+ 11. Bd2 Qxa2 12. O-O Bg4 13. Rxb7 Bxf3 14.
Bxf3 Bxd4 15. Rxe7 Na6 16. Bh6 Rfd8 17. Qe2 Qxe2 18. Bxe2 Bf6 19. Rb7 Nc5 20.
Rc7 Ne6 21. Rb7 Nc5 22. Rc7 Ne6 23. Rb7 a5 24. Bc4 a4 25. f4 Rd4 26. Bxe6 fxe6
27. e5 Bd8 28. Rfb1 1-0

[Event "US op 114th"]
[Site "Middleton"]
[Date "2013.08.03"]
[Round "8"]
[White "Lenderman, Aleksandr"]
[Black "Molner, Mackenzie"]
[Result "1/2-1/2"]
[WhiteElo "2548"]
[BlackElo "2501"]
[PlyCount "155"]
[EventDate "2013.07.27"]
[EventType "swiss"]
[EventRounds "9"]
[EventCountry "USA"]
[SourceTitle "CBM 155 Extra"]
[Source "ChessBase"]
[SourceDate "2013.08.26"]

1. d4 Nf6 2. Nf3 g6 3. Bf4 Bg7 4. e3 O-O 5. Be2 c5 6. O-O Qb6 7. Na3 d6 8. Nc4
Qc7 9. h3 Nd5 10. Bh2 Nb6 11. Na3 cxd4 12. exd4 Nc6 13. Nb5 Qd8 14. d5 Nb8 15.
c4 Bxb2 16. Rb1 Bf6 17. c5 dxc5 18. Nc7 N8d7 19. a4 Rb8 20. Bb5 Na8 21. Ne6
fxe6 22. dxe6 Ne5 23. Nxe5 Qxd1 24. Rfxd1 Bxe6 25. Bd7 Ba2 26. Rb2 Bf7 27. a5
b6 28. Re2 bxa5 29. Nxf7 Kxf7 30. Be6+ Kg7 31. Bxb8 Rxb8 32. Rd7 Rb1+ 33. Kh2
Nb6 34. Rxa7 a4 35. Ba2 Rb4 36. g3 c4 37. Re4 Nc8 38. Ra6 Nd6 39. Rxd6 exd6 40.
Rxc4 Rb2 41. Rxa4 Rxf2+ 42. Kh1 Be5 43. Ra7+ Kf8 44. Ra8+ Ke7 45. Ra7+ Kd8 46.
Bd5 Rd2 47. Be6 h6 48. Rd7+ Ke8 49. Rh7 Bxg3 50. Rxh6 g5 51. Bg4 Kf7 52. Bh5+
Ke7 53. Bg4 d5 54. Re6+ Kf7 55. Re2 Rd3 56. Bf5 Rd1+ 57. Kg2 Bf4 58. Be6+ Kf6
59. Bg4 Rc1 60. Re6+ Kf7 61. Rh6 Kg7 62. Rh5 Rc2+ 63. Kf1 d4 64. Rh7+ Kg6 65.
Rd7 Rd2 66. Rd5 Be3 67. Ke1 Rh2 68. Kf1 Kf6 69. Rf5+ Ke7 70. Rd5 Rf2+ 71. Ke1
Kf6 72. Kd1 Rb2 73. Rf5+ Ke7 74. Rd5 Kf6 75. Rf5+ Kg6 76. Rd5 Rd2+ 77. Ke1 Bf4
78. Rd6+ 1/2-1/2

[Event "US op 114th"]
[Site "Middleton"]
[Date "2013.08.04"]
[Round "9"]
[White "Molner, Mackenzie"]
[Black "Schmakel, Sam A"]
[Result "1-0"]
[WhiteElo "2501"]
[BlackElo "2233"]
[PlyCount "87"]
[EventDate "2013.07.27"]
[EventType "swiss"]
[EventRounds "9"]
[EventCountry "USA"]
[SourceTitle "CBM 155 Extra"]
[Source "ChessBase"]
[SourceDate "2013.08.26"]

1. Nf3 Nf6 2. c4 g6 3. b4 Bg7 4. Bb2 O-O 5. e3 d6 6. Be2 e5 7. O-O Ne8 8. d4 e4
9. Nfd2 f5 10. Nc3 Nf6 11. Rc1 Be6 12. Nb3 Bf7 13. Qc2 Nc6 14. b5 Ne7 15. d5
Nd7 16. Nd4 Nc5 17. Na4 b6 18. f4 a6 19. Nxc5 dxc5 20. Nc6 Nxc6 21. bxc6 Qe7
22. Rcd1 Rfd8 23. a4 a5 24. g4 Rd6 25. Kh1 Bxb2 26. Qxb2 Qf6 27. Qc2 Kf8 28.
Rg1 Ke7 29. Rg3 Rg8 30. Rdg1 Rdd8 31. Bf1 Rde8 32. Bh3 Kd6 33. Qc1 Ke7 34. R1g2
Kd6 35. Qg1 Rgf8 36. gxf5 gxf5 37. Rg5 Qh6 38. Bxf5 Bh5 39. Bg4 Bg6 40. Bd7 Bh5
41. Bxe8 Rxe8 42. Rg7 Re7 43. Qa1 Bf3 44. Qe5+ 1-0

[Event "Saint Louis SPICE Cup op 7th"]
[Site "Saint Louis"]
[Date "2013.10.15"]
[Round "1"]
[White "Molner, Mackenzie"]
[Black "Voelker, James"]
[Result "1-0"]
[WhiteElo "2493"]
[BlackElo "2186"]
[PlyCount "107"]
[EventDate "2013.10.15"]
[EventType "swiss"]
[EventRounds "9"]
[EventCountry "USA"]
[SourceTitle "EXT 2014"]
[Source "ChessBase"]
[SourceDate "2013.11.20"]

1. d4 Nf6 2. c4 e5 3. dxe5 Ng4 4. Bf4 Nc6 5. Nf3 Bb4+ 6. Nc3 Bxc3+ 7. bxc3 Qe7
8. Qd5 f6 9. exf6 Nxf6 10. Qd3 d6 11. g3 O-O 12. Bg2 Bg4 13. O-O Rae8 14. Rab1
b6 15. Rfe1 Na5 16. Nd4 Nd7 17. Nb3 Nc5 18. Qd4 Bf5 19. e4 Bg6 20. Nxa5 bxa5
21. Rb5 a4 22. Bd2 a6 23. Rbb1 Kh8 24. f3 Ne6 25. Qe3 Nc5 26. Qe2 Bf7 27. Be3
Qe5 28. Bd4 Qh5 29. Qd2 Ne6 30. f4 Nxd4 31. cxd4 Bxc4 32. d5 Bb5 33. Rbc1 Re7
34. Rc3 Qe8 35. Rce3 Qb8 36. e5 dxe5 37. fxe5 Qb6 38. Kh1 Rfe8 39. Rf3 h6 40.
Qc3 Qg6 41. Rfe3 Qg5 42. h4 Qf5 43. Kh2 Qf2 44. a3 Qa2 45. Rf3 Bc4 46. Qd4 Bb3
47. Ra1 Qc2 48. Rf2 Qg6 49. Re1 Qh5 50. e6 Rd8 51. Ref1 Qe8 52. Rf7 Rxf7 53.
Rxf7 Qg8 54. Rxc7 1-0

[Event "Saint Louis SPICE Cup op 7th"]
[Site "Saint Louis"]
[Date "2013.10.16"]
[Round "2"]
[White "Kavutskiy, Konstantin"]
[Black "Molner, Mackenzie"]
[Result "1/2-1/2"]
[WhiteElo "2272"]
[BlackElo "2493"]
[PlyCount "76"]
[EventDate "2013.10.15"]
[EventType "swiss"]
[EventRounds "9"]
[EventCountry "USA"]
[SourceTitle "EXT 2014"]
[Source "ChessBase"]
[SourceDate "2013.11.20"]

1. d4 Nf6 2. c4 g6 3. f3 c5 4. d5 d6 5. e4 e6 6. Nc3 exd5 7. cxd5 Bg7 8. Nge2
O-O 9. Ng3 b6 10. Be2 Ba6 11. O-O Bxe2 12. Qxe2 Nbd7 13. a4 a6 14. Bf4 Qe7 15.
Kh1 Rfc8 16. Qd2 Ne5 17. Rae1 Nfd7 18. Bg5 Nc4 19. Qc1 Qf8 20. Qc2 Rab8 21. Bc1
b5 22. axb5 axb5 23. Nxb5 Rxb5 24. Qxc4 Rb4 25. Qe2 Rcb8 26. f4 Bxb2 27. Bxb2
Rxb2 28. Qg4 Nf6 29. Qg5 Qg7 30. e5 dxe5 31. fxe5 Nxd5 32. Rd1 h6 33. Qc1 Nc7
34. Qxc5 Ne6 35. Qe3 R2b3 36. Qe2 Rb2 37. Qe3 R2b3 38. Qe2 Rb2 1/2-1/2

[Event "Saint Louis SPICE Cup op 7th"]
[Site "Saint Louis"]
[Date "2013.10.16"]
[Round "3"]
[White "Molner, Mackenzie"]
[Black "Gurevich, Daniel"]
[Result "1-0"]
[WhiteElo "2493"]
[BlackElo "2258"]
[PlyCount "101"]
[EventDate "2013.10.15"]
[EventType "swiss"]
[EventRounds "9"]
[EventCountry "USA"]
[SourceTitle "EXT 2014"]
[Source "ChessBase"]
[SourceDate "2013.11.20"]

1. e4 c5 2. Nf3 g6 3. d4 cxd4 4. Nxd4 Nc6 5. c4 Nf6 6. Nc3 d6 7. Be2 Nxd4 8.
Qxd4 Bg7 9. Be3 O-O 10. Qd2 a5 11. Rc1 a4 12. f3 Qa5 13. Rc2 Be6 14. Nd5 Bxd5
15. cxd5 Nd7 16. Qxa5 Rxa5 17. Kd1 Nc5 18. g4 f5 19. exf5 gxf5 20. h3 f4 21.
Bd2 Raa8 22. Bb5 Be5 23. Re1 b6 24. Bc3 Bxc3 25. Rxc3 Ra5 26. Bc6 Kf7 27. Rc4
Nd3 28. Re2 a3 29. b4 Nb2+ 30. Kc2 Nxc4 31. bxa5 Nxa5 32. Bd7 Nc4 33. Re4 Ne5
34. Rxf4+ Kg7 35. Bf5 h5 36. Kd2 Ra8 37. Be6 Ra5 38. Rf5 hxg4 39. hxg4 Rb5 40.
f4 Rb2+ 41. Kc3 Ng6 42. Rf7+ Kh8 43. f5 Ne5 44. Rf8+ Kh7 45. g5 Rxa2 46. Re8
Rg2 47. Rxe7+ Kh8 48. g6 Nxg6 49. fxg6 Rxg6 50. Re8+ Kg7 51. Rg8+ 1-0

[Event "Saint Louis SPICE Cup op 7th"]
[Site "Saint Louis"]
[Date "2013.10.17"]
[Round "4"]
[White "Banawa, Joel Cholo"]
[Black "Molner, Mackenzie"]
[Result "0-1"]
[WhiteElo "2367"]
[BlackElo "2493"]
[PlyCount "66"]
[EventDate "2013.10.15"]
[EventType "swiss"]
[EventRounds "9"]
[EventCountry "USA"]
[SourceTitle "EXT 2014"]
[Source "ChessBase"]
[SourceDate "2013.11.20"]

1. Nf3 Nf6 2. g3 g6 3. c4 Bg7 4. d4 d5 5. cxd5 Nxd5 6. Bg2 Nb6 7. Nc3 Nc6 8. e3
O-O 9. O-O Re8 10. Re1 a5 11. d5 Bxc3 12. bxc3 Qxd5 13. Nd4 Qc4 14. Nxc6 bxc6
15. Qd4 Rb8 16. Ba3 e5 17. Qc5 Qxc5 18. Bxc5 e4 19. Bxb6 cxb6 20. Red1 c5 21.
a4 Ba6 22. Bf1 Bxf1 23. Kxf1 Red8 24. Ke2 Rxd1 25. Rxd1 b5 26. axb5 Rxb5 27.
Ra1 c4 28. Rd1 a4 29. Rd8+ Kg7 30. Ra8 Rb2+ 31. Ke1 Ra2 32. Rc8 a3 33. Rxc4 Rb2
0-1

[Event "Saint Louis SPICE Cup op 7th"]
[Site "Saint Louis"]
[Date "2013.10.19"]
[Round "8"]
[White "Molner, Mackenzie"]
[Black "Ipatov, Alexander"]
[Result "0-1"]
[WhiteElo "2493"]
[BlackElo "2625"]
[PlyCount "62"]
[EventDate "2013.10.15"]
[EventType "swiss"]
[EventRounds "9"]
[EventCountry "USA"]
[SourceTitle "EXT 2014"]
[Source "ChessBase"]
[SourceDate "2013.11.20"]

1. Nf3 Nf6 2. c4 b6 3. d4 Bb7 4. g3 g6 5. Bg2 Bg7 6. O-O O-O 7. Nc3 Ne4 8. Qc2
Nxc3 9. bxc3 Nc6 10. Rd1 Na5 11. c5 d6 12. Rb1 dxc5 13. e4 cxd4 14. cxd4 Qd7
15. Bf4 Qc6 16. Qxc6 Bxc6 17. d5 Ba4 18. Re1 c5 19. d6 exd6 20. Bxd6 Rfe8 21.
e5 Rad8 22. Ng5 Bc6 23. Bxc6 Nxc6 24. f4 f6 25. Nf3 fxe5 26. fxe5 Na5 27. Rbd1
Nc4 28. Bc7 Rxd1 29. Rxd1 Bxe5 30. Nxe5 Nxe5 31. Rd5 Nc6 0-1

[Event "Saint Louis SPICE Cup op 7th"]
[Site "Saint Louis"]
[Date "2013.10.19"]
[Round "9"]
[White "Boros, Denes"]
[Black "Molner, Mackenzie"]
[Result "0-1"]
[WhiteElo "2493"]
[BlackElo "2493"]
[PlyCount "112"]
[EventDate "2013.10.15"]
[EventType "swiss"]
[EventRounds "9"]
[EventCountry "USA"]
[SourceTitle "EXT 2014"]
[Source "ChessBase"]
[SourceDate "2013.11.20"]

1. e4 c5 2. Nf3 d6 3. d4 cxd4 4. Nxd4 Nf6 5. Nc3 a6 6. Bg5 Nbd7 7. Qe2 e6 8.
O-O-O b5 9. f4 Qc7 10. a3 Be7 11. g4 Rb8 12. Bh4 h6 13. Be1 g5 14. fxg5 hxg5
15. h3 Ne5 16. Bg2 Bb7 17. Nf3 Nfd7 18. Kb1 Nxf3 19. Bxf3 Ne5 20. Bg3 Bc6 21.
Na2 a5 22. Be1 Ra8 23. Bc3 Rh7 24. Bg2 Qb7 25. Rhe1 Kf8 26. Qf2 Kg8 27. Qd2 Qc7
28. Rf1 Be8 29. Qe2 b4 30. axb4 axb4 31. Nxb4 Qa5 32. Kc1 Bb5 33. Nd3 Qa7 34.
Qf2 Qa6 35. Kd2 Bxd3 36. cxd3 Nxd3 37. Qf3 Ne5 38. Qe2 Qc6 39. Rfe1 Qb6 40. Ra1
Rc8 41. Ra4 f6 42. Rea1 Bf8 43. Bf1 Rhc7 44. Qe3 Qc6 45. Ke1 d5 46. Ra6 Qe8 47.
exd5 Bc5 48. Qe4 exd5 49. Qxd5+ Kg7 50. Re6 Re7 51. Raa6 Rd8 52. Qxe5 fxe5 53.
Bxe5+ Kf8 54. Rf6+ Rf7 55. Rxf7+ Qxf7 56. Rf6 Re8 0-1

[Event "Dearborn Fall op 3rd"]
[Site "Dearborn"]
[Date "2013.10.25"]
[Round "4"]
[White "Shulman, Yuri"]
[Black "Molner, Mackenzie"]
[Result "1/2-1/2"]
[WhiteElo "2549"]
[BlackElo "2493"]
[PlyCount "80"]
[EventDate "2013.10.23"]
[EventType "swiss"]
[EventRounds "9"]
[EventCountry "USA"]
[SourceTitle "EXT 2015"]
[Source "ChessBase"]
[SourceDate "2014.11.20"]

1. c4 g6 2. Nc3 c5 3. g3 Bg7 4. Bg2 Nc6 5. Nf3 e6 6. d3 Nge7 7. Bg5 h6 8. Bd2
O-O 9. Qc1 Kh7 10. h4 b6 11. Rb1 Bb7 12. a3 Rb8 13. Nh2 Nd4 14. Bxb7 Nb3 15.
Qd1 Nxd2 16. Qxd2 Rxb7 17. Nf3 d5 18. cxd5 exd5 19. b4 d4 20. Na2 Rc7 21. O-O
Nd5 22. bxc5 bxc5 23. Rfc1 Re8 24. Qd1 Qd6 25. Rc4 f5 26. Rb2 f4 27. g4 Nc3 28.
Nxc3 dxc3 29. Rc2 Rb7 30. d4 cxd4 31. R4xc3 Rb1 32. Rc1 Qe6 33. Rc7 Rxc1 34.
Rxc1 Qxg4+ 35. Kh2 Re7 36. Qd3 Qe6 37. h5 Qe4 38. hxg6+ Qxg6 39. Rc6 Qxd3 40.
exd3 Rb7 1/2-1/2

[Event "Dearborn Fall op 3rd"]
[Site "Dearborn"]
[Date "2013.10.25"]
[Round "5"]
[White "Molner, Mackenzie"]
[Black "Ipatov, Alexander"]
[Result "0-1"]
[WhiteElo "2493"]
[BlackElo "2625"]
[PlyCount "92"]
[EventDate "2013.10.23"]
[EventType "swiss"]
[EventRounds "9"]
[EventCountry "USA"]
[SourceTitle "EXT 2015"]
[Source "ChessBase"]
[SourceDate "2014.11.20"]

1. d4 Nf6 2. c4 e6 3. Nf3 b6 4. g3 Bb7 5. Bg2 g6 6. O-O Bg7 7. Nc3 Ne4 8. Nxe4
Bxe4 9. Bg5 f6 10. Be3 Nc6 11. d5 Ne7 12. dxe6 dxe6 13. Nd4 Bxg2 14. Kxg2 Qd7
15. f3 f5 16. Nb5 Bxb2 17. Qxd7+ Kxd7 18. Rad1+ Kc8 19. Rd2 Be5 20. Rfd1 a6 21.
Nd4 Bxd4 22. Rxd4 Nc6 23. Rh4 h5 24. a4 Rh7 25. g4 Kb7 26. Rb1 e5 27. gxf5 gxf5
28. c5 Rg8+ 29. Kh1 f4 30. Bf2 Ne7 31. cxb6 Nf5 32. bxc7+ Kxc7 33. Rh3 h4 34.
Re1 Rhg7 35. Rd1 Kc8 36. a5 Rd7 37. Rc1+ Rc7 38. Re1 Rc2 39. Rg1 Rxg1+ 40. Kxg1
Rc6 41. Kg2 Kd7 42. Kf1 Rc1+ 43. Kg2 Ra1 44. Bb6 Kc6 45. Kf2 Rb1 46. Ba7 Rb7
0-1